| 000 | 00634nam a2200193 a 4500 | ||
|---|---|---|---|
| 005 | 20210223121934.0 | ||
| 008 | 991125s1957 mx 000 0 spa u | ||
| 035 | _aUPN01000026532 | ||
| 049 | _aCG | ||
| 050 | 4 |
_aPA85 L6 _bV3.3 |
|
| 100 | 1 |
_aValle-Arizpe, Artemio del, _d1888-1961 _929459 |
|
| 245 | 1 | 0 |
_aGregorio López, hijo de Felipe II : _bsu vida y muerte en México / _cArtemio de Valle Arizpe |
| 260 |
_aMéxico : _bCompañía General de Ediciones, _c1957 |
||
| 300 | _a214 p | ||
| 440 | 0 | _aIdeas, letras y vida | |
| 600 | 1 | 4 |
_aLOPEZ, GREGORIO,- _d1542-1596 - _xCRITICA E INTERPRETACION |
| 904 |
_aAC _b026533 |
||
| 905 | _aLibro | ||
| 999 |
_c26532 _d26532 |
||